Statistics for business and economics : an action learning approach / (Record no. 76797)

MARC details
000 -LEADER
fixed length control field 01912nam a2200301 a 4500
008 - FIXED-LENGTH DATA ELEMENTS--GENERAL INFORMATION
fixed length control field 120416s1983 ||||||||||||||||| || u
020 ## - INTERNATIONAL STANDARD BOOK NUMBER
International Standard Book Number 0070595712
050 ## - LIBRARY OF CONGRESS CALL NUMBER
Classification number HA 29 Sob
100 ## - MAIN ENTRY--PERSONAL NAME
Personal name Sobol, Marion Gross
245 10 - TITLE STATEMENT
Title Statistics for business and economics : an action learning approach /
260 ## - PUBLICATION, DISTRIBUTION, ETC.
Place of publication, distribution, etc. New York :
Name of publisher, distributor, etc. McGraw-Hill
Date of publication, distribution, etc. 1983
300 ## - PHYSICAL DESCRIPTION
Extent xix, 522p. : ill.
350 ## -
-- 0.00
490 ## -
-- McGraw-Hill series in quantitative methods for management
650 ## - SUBJECT ADDED ENTRY--TOPICAL TERM
Topical term or geographic name entry element STATISTICS--HANDBOOKS, MANUALS, ETC
650 #3 - SUBJECT ADDED ENTRY--TOPICAL TERM
Topical term or geographic name entry element P0PULATION STATISTICS
650 #0 - SUBJECT ADDED ENTRY--TOPICAL TERM
Topical term or geographic name entry element COMMERCIAL STATISTICS
650 #0 - SUBJECT ADDED ENTRY--TOPICAL TERM
Topical term or geographic name entry element ECONOMICS--STATISTICAL METHODS
700 ## - ADDED ENTRY--PERSONAL NAME
Personal name Starr, Martin Kenneth, 1927-
995 ## -
-- BINDERY (DAMAGED)
-- 0.00
-- 710416
-- CBU-MAIN LIBRARY (Kitwe)
-- 4
-- 23.95
-- HA 29 Sob
-- DAMAGED
-- 000252
-- Main Library Open Access Collection
995 ## -
-- BINDERY (DAMAGED)
-- 0.00
-- 710415
-- CBU-MAIN LIBRARY (Kitwe)
-- 3
-- 23.95
-- HA 29 Sob
-- DAMAGED
-- 000251
-- Main Library Open Access Collection
995 ## -
-- BINDERY (DAMAGED)
-- 0.00
-- 000253
-- CBU-MAIN LIBRARY (Kitwe)
-- 1
-- 23.95
-- HA 29 Sob
-- AVAILABLE
-- 000253
-- Main Library Open Access Collection
995 ## -
-- TEXTBOOKS (SB)
-- 0.00
-- 01331
-- CBU-SCHOOL TEXTBOOK COLLECTIONS
-- 1
-- 0.00
-- SCHOOL TEXTBOOK
-- 5
-- AVAILABLE
-- Sep 23, 2009
-- 01331
-- School Collections
995 ## -
-- TEXTBOOKS (SB)
-- 0.00
-- 01332
-- CBU-SCHOOL TEXTBOOK COLLECTIONS
-- 1
-- 0.00
-- SCHOOL TEXTBOOK
-- 6
-- AVAILABLE
-- Sep 23, 2009
-- 01332
-- School Collections
995 ## -
-- TEXTBOOKS (SB)
-- 0.00
-- 01334
-- CBU-SCHOOL TEXTBOOK COLLECTIONS
-- 1
-- 0.00
-- SCHOOL TEXTBOOK
-- 8
-- AVAILABLE
-- Sep 23, 2009
-- 01334
-- School Collections
995 ## -
-- MAIN LIBRARY OPEN ACCESS
-- 0.00
-- 000254
-- CBU-MAIN LIBRARY (Kitwe)
-- 2
-- 23.95
-- HA 29 Sob
-- LOST
-- 000254
-- Main Library Open Access Collection
995 ## -
-- TEXTBOOKS (SB)
-- 0.00
-- 01333
-- CBU-SCHOOL TEXTBOOK COLLECTIONS
-- 1
-- 0.00
-- SCHOOL TEXTBOOK
-- 7
-- AVAILABLE
-- Sep 23, 2009
-- 01333
-- School Collections
999 ## -
-- 76797
-- 76797
Holdings
Withdrawn status Lost status Source of classification or shelving scheme Damaged status Not for loan Permanent Location Current Location Shelving location Date acquired Total Checkouts Full call number Barcode Date last seen Copy number Price effective from Koha item type
          CBU-MAIN LIBRARY, KITWE. CBU-MAIN LIBRARY, KITWE.   04/25/2023   HA 29 Sob 000252 04/25/2023 1 04/25/2023 MONOGRAPH
          CBU-MAIN LIBRARY, KITWE. CBU-MAIN LIBRARY, KITWE.   04/25/2023   HA 29 Sob 000251 04/25/2023 2 04/25/2023 MONOGRAPH
          CBU-MAIN LIBRARY, KITWE. CBU-MAIN LIBRARY, KITWE.   04/25/2023   HA 29 Sob 000253 04/25/2023 3 04/25/2023 MONOGRAPH
          CBU-MAIN LIBRARY, KITWE. CBU-MAIN LIBRARY, KITWE.   04/25/2023   HA 29 Sob 000254 04/25/2023 7 04/25/2023 MONOGRAPH
          CBU-SCHOOL TEXT BOOK COLLECTION CBU-SCHOOL TEXT BOOK COLLECTION   04/25/2023   SCHOOL TEXTBOOK 01331 04/25/2023 4 04/25/2023 MONOGRAPH
          CBU-SCHOOL TEXT BOOK COLLECTION CBU-SCHOOL TEXT BOOK COLLECTION   04/25/2023   SCHOOL TEXTBOOK 01332 04/25/2023 5 04/25/2023 MONOGRAPH
          CBU-SCHOOL TEXT BOOK COLLECTION CBU-SCHOOL TEXT BOOK COLLECTION   04/25/2023   SCHOOL TEXTBOOK 01334 04/25/2023 6 04/25/2023 MONOGRAPH
          CBU-SCHOOL TEXT BOOK COLLECTION CBU-SCHOOL TEXT BOOK COLLECTION   04/25/2023   SCHOOL TEXTBOOK 01333 04/25/2023 8 04/25/2023 MONOGRAPH